Self- hypnosis : (Record no. 129161)

MARC details
000 -LEADER
fixed length control field 00745nam a22002537a 4500
005 - DATE AND TIME OF LATEST TRANSACTION
control field 20170124110052.0
010 ## - LIBRARY OF CONGRESS CONTROL NUMBER
LC control number A-681964
020 ## - INTERNATIONAL STANDARD BOOK NUMBER
Terms of availability 0285631365
035 ## - SYSTEM CONTROL NUMBER
System control number A-681964
037 ## - SOURCE OF ACQUISITION
Source of stock number/acquisition Cen Lib/Ret
040 ## - CATALOGING SOURCE
Original cataloging agency DPL
Language of cataloging EN
082 ## - DEWEY DECIMAL CLASSIFICATION NUMBER
Classification number 613
Item number ALM
100 ## - MAIN ENTRY--PERSONAL NAME
Personal name Alman, Brian M.
9 (RLIN) 25599
245 ## - TITLE STATEMENT
Title Self- hypnosis :
Statement of responsibility, etc By Brian M. Alaman [and] Peter T. Lambrou
Remainder of title complete manual for health and self chang /
250 ## - EDITION STATEMENT
Edition statement 2nd ed
260 ## - PUBLICATION, DISTRIBUTION, ETC. (IMPRINT)
Place of publication, distribution, etc New York
Name of publisher, distributor, etc Souvenir press
Date of publication, distribution, etc 1994
270 ## - ADDRESS
City New York
300 ## - PHYSICAL DESCRIPTION
Extent xvii,283p.
Dimensions 21cm(Hb)
500 ## - GENERAL NOTE
General note Includes index
650 ## - SUBJECT ADDED ENTRY--TOPICAL TERM
Topical term or geographic name as entry element Self hypnosis
9 (RLIN) 25600
650 ## - SUBJECT ADDED ENTRY--TOPICAL TERM
Topical term or geographic name as entry element Posthypnotic
9 (RLIN) 25601
700 ## - ADDED ENTRY--PERSONAL NAME
Personal name Lambrou, Peter T.
9 (RLIN) 102308
942 ## - ADDED ENTRY ELEMENTS (KOHA)
Source of classification or shelving scheme Dewey Decimal Classification
Koha item type English Books
Classification part 613
Call number suffix ALM
Holdings
Withdrawn status Lost status Damaged status Not for loan Home library Current library Date acquired Source of acquisition Cost, normal purchase price Total Checkouts Full call number Barcode Date last seen Date checked out Copy number Cost, replacement price Price effective from Koha item type
        Central Library Central Library 04/07/2015 Cen Lib/Ret 0.00 2 613 ALM A-681964 16/10/2017 03/10/2017 1 0.00 04/07/2015 English Books

© Delhi Public Library
Hit Counter
free hit counter